00366nam a2200157Ia 4500008004100000020001600041041000800057082002100065100001000086245003400096250001200130260003300142500000800175650001500183700001000198230125s9999 xx 000 0 und d a818579090-6 aeng a658.4038011bOKE aOke J aManagement information system a13th ed c2011bNirali PrakashanaPune aMIS aManagement aOke J